000 00194 a2200097 4500
001 6633
100 _aCraig, W
245 _aFall of Japan, the
260 _a
_bNicolson
_c
090 _c5486
_d5486
942 _aNUST-CAE
_cM
_c31918
999 _c241706
_d241706